Trade and gender : (Record no. 41145)

MARC details
000 -LEADER
campo de control de longitud fija 01175cam a2200301 4500
001 - NÚMERO DE CONTROL
campo de control 21056
005 - FECHA Y HORA DE LA ÚLTIMA TRANSACCIÓN
campo de control 20230410115433.0
008 - DATOS DE LONGITUD FIJA--INFORMACIÓN GENERAL
campo de control de longitud fija 060907s2004 nyua eng
020 ## - NÚMERO INTERNACIONAL ESTÁNDAR DEL LIBRO
Número Internacional Estándar del Libro 9211126347
035 ## - NÚMERO DE CONTROL DEL SISTEMA
-- funglode21211
041 ## - CÓDIGO DE IDIOMA
Código de lengua del texto/banda sonora o título independiente eng
086 ## - NÚMERO DE CLASIFICACIÓN PARA DOCUMENTOS GUBERNAMENTALES
Número de clasificación UNCTAD/EDM/2004/2
050 14 - SIGNATURA TOPOGRÁFICA DE LA BIBLIOTECA DEL CONGRESO
Número de clasificación HD 6079.2
Número de ítem T763 2004
245 00 - MENCIÓN DEL TÍTULO
Título Trade and gender :
Resto del título opportunities and challenges for developing countries /
Mención de responsabilidad, etc. edited by Anh-Nga Tran-Nguyen and Americo Beviglia Zampetti ; UNCTAD ; UN Inter-Agency Network on women and gender equality, Task force on gender and trade
260 ## - PUBLICACIÓN, DISTRIBUCIÓN, ETC.
Lugar de publicación, distribución, etc. New York :
Nombre del editor, distribuidor, etc. United Nations,
Fecha de publicación, distribución, etc. 2004
300 ## - DESCRIPCIÓN FÍSICA
Extensión xiii, 489 p. :
Otras características físicas ill. ;
Dimensiones 22 cm
500 ## - NOTA GENERAL
Nota general Número de ventas (UN): E.04.II.D.28
650 #0 - PUNTO DE ACCESO ADICIONAL DE MATERIA--TÉRMINO DE MATERIA
Término de materia o nombre geográfico como elemento de entrada Women in development|zDeveloping countries
650 #0 - PUNTO DE ACCESO ADICIONAL DE MATERIA--TÉRMINO DE MATERIA
Término de materia o nombre geográfico como elemento de entrada Women|xEmployment|zDeveloping countries
650 #0 - PUNTO DE ACCESO ADICIONAL DE MATERIA--TÉRMINO DE MATERIA
Término de materia o nombre geográfico como elemento de entrada Foreign trade and employment
650 #0 - PUNTO DE ACCESO ADICIONAL DE MATERIA--TÉRMINO DE MATERIA
Término de materia o nombre geográfico como elemento de entrada Free trade
650 #0 - PUNTO DE ACCESO ADICIONAL DE MATERIA--TÉRMINO DE MATERIA
Término de materia o nombre geográfico como elemento de entrada International trade
651 #0 - PUNTO DE ACCESO ADICIONAL DE MATERIA--NOMBRE GEOGRÁFICO
Nombre geográfico Developing countries|xCommerce|xSocial aspects
700 1# - ENTRADA AGREGADA--NOMBRE PERSONAL
Nombre de persona Tran-Nguyen, Anh-Nga
700 1# - ENTRADA AGREGADA--NOMBRE PERSONAL
Nombre de persona Zampetti, Americo Beviglia
710 2# - ENTRADA AGREGADA--NOMBRE DE ENTIDAD CORPORATIVA
Nombre de entidad corporativa o nombre de jurisdicción como elemento de entrada United Nations Conference on Trade and Development
942 ## - ELEMENTOS DE ENTRADA SECUNDARIOS (KOHA)
Fuente del sistema de clasificación o colocación Clasificación de Library of Congress
Tipo de ítem Koha
Holdings
Estatus retirado Estado de pérdida Fuente del sistema de clasificación o colocación Estado de daño No para préstamo Colección Biblioteca de origen Biblioteca actual Ubicación en estantería Fecha de adquisición Serial enumeration / chronology Signatura topográfica completa Código de barras Visto por última vez Copia número Tipo de ítem Koha
    Clasificación de Library of Congress     Ciencias Sociales Biblioteca Juan Bosch Biblioteca Juan Bosch Ciencias Sociales (3er. Piso) 24/10/2018 1 HD 6079.2 T763 2004 00000020536 24/10/2018 1